000 00594nam a22001697a 4500
003 PILC
005 20150604163556.0
008 150604b xxu||||| |||| 00| 0 eng d
050 _aT 1
_b.Ar668 2010
100 _aArceo IV, Ralph Gabriel C.
245 _aAutomated time keeping and payroll system of inasal bacolod chicken restaurant /
_cRalph Gabriel C. Arceo IV.
260 _aLas PiƱas City :
_bSISC,
_c2010.
300 _avii, 45 pages :
_billustrations ;
_c28 cm.
500 _aIncludes bibliographical references and appendices.
650 _aManagement system.
942 _2lcc
_cTH
_kLOC
999 _c284736
_d284736